Психолого-педагогічні чинники адаптації обдарованих дітей до умов початкової школи (Запис № 392878)

МАРК-запис
000 -Лідер
fixed length control field 01248nam a22002657a 4500
001 - Контрольний номер
control field 107163
003 - Ідентифікатор контрольного номера
control field UA-OsUOA
005 - Дата та час останнього входження (трансакції)
control field 20210424010559.0
007 - Фіксоване поле фізичного опису
fixed length control field ta
008 - Елементи даних фіксованої довжини – загальна інформація
fixed length control field 20140711b un ||||| |||| m0| 0 ukr d
040 ## - Джерело каталогізації
Агенція оригінальної каталогізації UA-OsUOA
Мова каталогізації ukr
Агенція, яка здійснювала перезапис UA-OsUOA
Агенція, яка здійснювала модифікацію UA-OsUOA
041 ## - Код мови
Код мови тексту/ звукової доріжки чи окремого заголовка (П) ukr
080 ## - Індекс Універсальної десяткової класифікації
Індекс Універсальної десяткової класифікації (УДК) (НП) 159.928.22:372.4
090 ## - Локальний шифр розміщення
Класифікаційний індекс УДК 159.928.22:372.4
Авторський знак (НП) П16
100 ## - Основне введення – ім’я особи
Ім’я особи (НП) Паненкова Ю. В.
245 ## - Відомості про назву
Назва (НП) Психолого-педагогічні чинники адаптації обдарованих дітей до умов початкової школи
Решта назви (НП) дисертація
Дані про відповідальність (НП) Паненкова Юлія Валеріївна
260 ## - Публікація, розповсюдження і т.п. (Вихідні дані)
Місце публікації, розповсюдження і т.п. (П) Острог
Ім’я/ наймення видавництва, розповсюджувача і т.п. (П) НаУОА
Дата публікації, розповсюдження і т.п. (П) 2014
300 ## - Фізичний опис
Обсяг 245 с.
502 ## - Примітка про дисертацію
Тип вченого звання кандидат психологічних наук<br/>
Наймення інституції, що представляється Національний університет "Острозька академія"
Рік отримання вченого ступеня 2014<br/>
Ідентифікатор дисертації 19.00.07 – педагогічна та вікова психологія
511 ## - Примітка про учасників і виконавців
Примітка про учасників і виконавців науковий керівник доктор психологічних наук Климишин Ольга Іванівна
650 #7 - Додаткове предметне введення – тематичний термін
Тематичний термін чи географічна назва, як елемент введення (НП) 159.9 Психологія
Джерело заголовка чи терміна UDC
942 ## - Додаткові елементи входу (Коха)
Тип елемента Koha Книги
Source of classification or shelving scheme Universal Decimal Classification
955 ## - Код типу видання за змістом
Код типу видання за змістом (НП) Наукові видання
Фонди
Стан вилучень Стан втрат Джерело класифікації або схеми стелажів Стан уражень Не для кредиту Постійне місце розташування Поточне розміщення Дата придбання Джерело придбання Вартість, звичайна ціна покупки Інвентарний номер Усього замовленно Повний номер виклику Штрих-код Дата останнього перегляду Ціна ефективна від Тип елемента Koha
    Universal Decimal Classification     ЧЗ - Читальна зала ЧЗ - Читальна зала 11/07/2014 27/2014 50.00 146027   159.928.22:372.4 П16 146027 07/02/2022 11/07/2014 Книги